KOHA-Header-6

Learning Image Processing : (Record no. 3)

000 -LEADER
fixed length control field 00339nam a22001217a 4500
020 ## - INTERNATIONAL STANDARD BOOK NUMBER
ISBN 9781783287659
082 ## - DEWEY DECIMAL CLASSIFICATION NUMBER
Classification number 006.37
100 ## - MAIN ENTRY--AUTHOR NAME
Personal name Garcia, Gloria Bueno
245 ## - TITLE STATEMENT
Title Learning Image Processing :
Remainder of title With OpenCv /
Statement of responsibility, etc Gloria Bueno Gartcia...[et.al]
260 ## - PUBLICATION, DISTRIBUTION, ETC. (IMPRINT)
Place of publication Brimingham:
Name of publisher Pack publishing,
Year of publication 2015.
300 ## - PHYSICAL DESCRIPTION
Number of Pages ix, 208 p. :ill
Other physical details 23cm.
942 ## - ADDED ENTRY ELEMENTS (KOHA)
Koha item type Books
Holdings
Withdrawn status Lost status Collection code Permanent Location Current Location Shelving location Date acquired Full call number Accession Number Koha item type
    Computer Science MAJU MAJU Shelf No.A32 2019-06-20 006.37 7753 Computer Science

Powered by Koha